00430nam a2200169 a 450000100060000000300090000600800410001502000150005604000280007108200180009910000340011724500260015126000310017730000110020849000190021965000220023816241CO-ViMGA141112s2004 ck r 000 u spa d a958046099X aCO-ViMGAbspacCO-ViMGA aCo863.6 G659p1 aGonzáles, Tomás , 1950 - 10aPrimero estaba el mar aBogotá : bNorma, c2001 a126.p. aLa otra orilla14aNOVELA COLOMBIANA